000
00277nam a2200109Ia 4500
008
220204s9999 xx 000 0 und d
082
_a
631.4:502.65
_b
GUS
100
_a
Gustafson, A F
245
0
_a
Conservation of the soil
260
_a
New York
_b
McGraw Hill
_c
1937
942
_c
BK
999
_c
21860
_d
21860